书目信息 |
| 题名: |
第三次海湾战争?
|
|
| 作者: | 阮次山 , 何亮亮 , 陈晓楠 著 | |
| 分册: | ||
| 出版信息: | 北京 中国友谊出版公司 2003.01 |
|
| 页数: | 226页 | |
| 开本: | 22cm | |
| 丛书名: | ||
| 单 册: | ||
| 中图分类: | D737.7 | |
| 科图分类: | ||
| 主题词: | 海湾战争--研究 | |
| 电子资源: | ||
| ISBN: | 7-5057-1855-X | |
| 000 | 00779nam0 2200253 45 | |
| 001 | 012004000000 | |
| 005 | 20041206153809.95 | |
| 010 | @a7-5057-1855-X@dCNY 25.00 | |
| 100 | @a20040920d2003 em y0chiy0121 ea | |
| 101 | 0 | @achi |
| 102 | @aCN@b110000 | |
| 105 | @af z 000yy | |
| 200 | 1 | @a第三次海湾战争?@Adi san ci hai wan zhan zheng@e全方位解读美国“倒萨”历程@f阮次山, 何亮亮, 陈晓楠等著 |
| 210 | @a北京@c中国友谊出版公司@d2003.01 | |
| 215 | @a226页@c照片@d22cm | |
| 517 | 1 | @a全方位解读美国“倒萨”历程 |
| 606 | 0 | @a海湾战争@x研究 |
| 607 | @a伊拉克@x概况 | |
| 690 | @aD737.7@v4 | |
| 701 | 0 | @a阮次山@Aruan ci shan@4著 |
| 701 | 0 | @a何亮亮@Ahe liang liang@4著 |
| 701 | 0 | @a陈晓楠@Achen xiao nan@4著 |
| 801 | 0 | @aCN@bQSSKw@c20041206 |
| 905 | @a10447@dD737.7@eR850 | |
| 第三次海湾战争?:全方位解读美国“倒萨”历程/阮次山, 何亮亮, 陈晓楠等著.-北京:中国友谊出版公司,2003.01 |
| 226页:照片;22cm |
| ISBN 7-5057-1855-X:CNY 25.00 |
| ● |
| 相关链接 |
|
|
|
正题名:第三次海湾战争?
索取号:D737.7/R850
 
预约/预借
| 序号 | 登录号 | 条形码 | 馆藏地/架位号 | 状态 | 备注 |
| 1 | 430369 | 204303690 | 社科库509/509社科库 77排8列4层/ [索取号:D737.7/R850] | 在馆 | |
| 2 | 430370 | 204303707 | 社科库509/ [索取号:D737.7/R850] | 在馆 | |
| 3 | 430371 | 204303716 | 社科库509/509社科库 77排8列4层/ [索取号:D737.7/R850] | 在馆 |